| 000 | 00602nas a2200229 4500 | ||
|---|---|---|---|
| 001 | BR8805173 | ||
| 003 | BR-BrBNA | ||
| 005 | 20231205091258.0 | ||
| 007 | ta | ||
| 008 | 230509b bl.|||p| |||| 00| 00por d | ||
| 040 |
_aBR-BrBNA _bpor _cBiblioteca Nacional de Agricultura |
||
| 041 | _a(Pt) | ||
| 072 | _aP06 | ||
| 100 | 1 | _aRodrigues, M.C.P. | |
| 245 | 1 | _aAlcool | |
| 650 | _aALCOOL | ||
| 650 | _aPRODUCAO | ||
| 650 | _aESTOQUE | ||
| 773 | 0 |
_tAgroanalysis (Brazil) _xISSN 0100-4298 _g(Apr 1987), v. 11(4) p. 13-15 _wBR8805173 |
|
| 909 |
_a202311 _bLúcia _c55 _dLúcia Elande |
||
| 942 |
_2AGRIS _n0 _cANA |
||
| 999 |
_c124083 _d124083 |
||